| 000 | 00785cam a2200205 i 4500 | ||
|---|---|---|---|
| 005 | 20260115104455.0 | ||
| 008 | 250721s2003 gr 000 0 ara d | ||
| 041 |
_aara _heng |
||
| 082 | 1 | 4 |
_a320.5 _bس ي ن |
| 100 | 1 |
_aسينجر، دانييل _eمؤلف. |
|
| 245 | 1 | 2 |
_aالصراع في العالم في الألفية الجديدة / _cدانييل سينجر ؛ ترجمة مازن الحسيني. |
| 264 | 3 | 1 |
_aرام الله : _bدار التنوير للنشر والتوزيع، _c2003. |
| 300 | _a296 صفحة. | ||
| 650 | 1 | 7 | _aالعلوم السياسية. |
| 650 | 1 | 7 | _aالمذاهب السياسية. |
| 650 | 1 | 7 | _aتاريخ أوروبا. |
| 700 | 1 |
_aالحسيني، مازن _eمترجم. . |
|
| 942 |
_2ddc _cBK |
||
| 999 |
_c91723 _d91723 |
||